"That long silence" : a comparative study of selected contemporary Indo-English and North American (Anglo_American, Anglo-Canadian) women writers /
Saved in:
| 主要作者: | |
|---|---|
| 格式: | Thesis 圖書 |
| 語言: | English |
| 出版: |
1992.
|
| 主題: | |
| 標簽: |
添加標簽
沒有標簽, 成為第一個標記此記錄!
|
| LEADER | 01009cam a2200265 a 4500 | ||
|---|---|---|---|
| 001 | u353217 | ||
| 003 | SIRSI | ||
| 008 | 940610s1992 si v 00 1 eng m | ||
| 035 | |a ABS-9512 | ||
| 040 | |a UMM | ||
| 090 | |a PR468 |b W6Aru | ||
| 100 | 1 | 0 | |a Arulchothy, Vanitha. |
| 245 | 1 | 0 | |a "That long silence" : |b a comparative study of selected contemporary Indo-English and North American (Anglo_American, Anglo-Canadian) women writers / |c by Vanitha Arulchothy. |
| 260 | |c 1992. | ||
| 300 | |a x, 317 leaves |c 30 cm. | ||
| 502 | |a Thesis (Ph.D.) -- National University of Singapore, 1992. | ||
| 504 | |a Bibliography: leaves 303-317. | ||
| 650 | 0 | |a Women in literature. | |
| 650 | 0 | |a Women authors |x Comparative studies. | |
| 650 | 0 | |a Women authors, Indian | |
| 650 | 0 | |a Women authors, English | |
| 650 | 0 | |a English literature |x Women authors |x History and criticism. | |
| 948 | |a 10/06/1994 |b 28/10/2002 | ||
| 596 | |a 1 | ||
| 999 | |a PR468 W6ARU |w LC |c 1 |i A505405878 |d 10/5/2011 |e 10/5/2011 |l STACKS |m P01UTAMA |n 3 |r Y |s Y |t TESIS |u 11/4/1996 | ||
